| 000 | 00549nam a22001937a 4500 | ||
|---|---|---|---|
| 003 | KOHA_MİRAKIL | ||
| 005 | 20241003053921.0 | ||
| 008 | 241002b2021 tu ||||| |||| 00| 0 tur d | ||
| 020 | _a9786057405111 | ||
| 040 |
_aTR-AnABB _btur _cTR-AnABB |
||
| 041 | _atur | ||
| 082 |
_a814.42 _bSUB 2021 |
||
| 100 | 1 |
_aSubaşı, Necdet, 1961- _91135 |
|
| 245 | 1 | 0 |
_aKarantina sohbetleri / _cNecdet Subaşı. |
| 260 |
_aİstanbul : _bMahya Yayınları, _c2021. |
||
| 300 |
_a408 sayfa ; _c23 cm. |
||
| 650 |
_aTürk edebiyatı, deneme _9799 |
||
| 942 |
_2ddc _cBK |
||
| 999 |
_c7706 _d7706 |
||
| 900 | _bCan Çelik | ||